An ACUHO-I bibliography on residence halls /

Bibliographic Details
Corporate Author: Association of College and University Housing Officers-International
Other Authors: Blimling, Gregory S.
Format: Book
Language:English
Published: Columbus, Ohio : Association of College and University Housing Officers-International, 1987.
Subjects:

MARC

Tag First Indicator Second Indicator Subfields
LEADER 00000cam a2200000 a 4500
001 in00000013777
005 20151007052428.0
008 871130s1987 ohu b 00100 eng d
035 |a (OCoLC)17153533 
035 |9 AAA7746AM 
040 |a CDF  |c CDF  |d OCL  |d NGU  |d VPI  |d TXA  |d UtOrBLW 
049 |a TXAM  |c [A12582829] 
050 4 |a Z5943.U5  |b A28 1987 
245 0 3 |a An ACUHO-I bibliography on residence halls /  |c [prepared by] Gregory S. Blimling [and others]. 
264 1 |a Columbus, Ohio :  |b Association of College and University Housing Officers-International,  |c 1987. 
300 |a iii, 468 pages ;  |c 27 cm. 
336 |a text  |b txt  |2 rdacontent 
337 |a unmediated  |b n  |2 rdamedia 
338 |a volume  |b nc  |2 rdacarrier 
500 |a Includes author index. 
650 0 |a Dormitories  |x Bibliography. 
650 0 |a College buildings  |x Bibliography. 
700 1 |a Blimling, Gregory S. 
710 2 |a Association of College and University Housing Officers-International. 
740 3 |a An A.C.U.H.O.-I bibliography on residence halls. 
999 |a MARS 
999 f f |s aca8ec03-55a6-3809-b7d8-ce50e2dcf9ce  |i 85879a47-0b93-30c9-9f93-fafb65fcdb75  |t 0 
952 f f |p ric  |a Texas A&M University  |b Rellis Campus  |c Joint Library Facility  |d Remote Storage  |t 0  |e Z5943.U5 A28 1987  |h Library of Congress classification  |i unmediated -- volume  |m A14812582829 
998 f f |a Z5943.U5 A28 1987  |t 0  |l Remote Storage